Gramática de la lengua española

Gespeichert in:
Bibliographische Detailangaben
Körperschaft: Real Academia Española
Format: Buch
Veröffentlicht: Madrid. Perlado Pèz y Cia. (198?).
Schlagworte:
Tags: Tag hinzufügen
Keine Tags, Fügen Sie den ersten Tag hinzu!

MARC

LEADER 00000nam a22000005a 4500
001 16747
003 CL-ChBUA
005 20120815103618.0
008 070301s sp 000 0 spa
040 |a CL-ChBUA  |c CL-ChBUA 
082 0 0 |a 465 
090 |c 16747  |d 16747 
110 2 |a Real Academia Española. 
245 1 0 |a Gramática de la lengua española 
260 |b Perlado Pèz y Cia.  |a Madrid.  |c (198?). 
650 4 |a GRAMATICA. 
942 |c LIB 
952 |0 0  |1 0  |4 0  |7 0  |9 23220  |a UNACH  |b UNACH  |c 400  |d 2007-03-05  |i 919.  |l 0  |o 465 / R 288.  |p 24219  |r 2026-03-13 11:50:13  |u 23220  |w 2012-08-08  |y LIB  |k 465 / R 288. 
999 |c 16747  |d 16747